| 000 | 00646nam a22001937a 4500 | ||
|---|---|---|---|
| 003 | OSt | ||
| 005 | 20251028045617.0 | ||
| 008 | 251028b |||||||| |||| 00| 0 eng d | ||
| 020 | _a978-971-725-155-4. | ||
| 040 |
_aDWCL-Man lib _cOC |
||
| 082 | _aFil. 490.7 K82 2008 | ||
| 100 | _aVinuya, Remedios V. Et. Al. | ||
| 245 |
_aKomunikasyon sa akademikong Filipino : _bFilipino I _cVinuya, Remedios V. Et. Al. |
||
| 260 |
_aMakati City : _bBookquick Marketing, _cc2008. |
||
| 300 |
_aVIII, 292 pages ; _c22 cm. |
||
| 505 | _aIncludes bibliographical references. | ||
| 650 | _21. Filipino language-Study and teaching. | ||
| 942 |
_2ddc _cBK - FIL _kFil. _n0 |
||
| 999 |
_c5225 _d5225 |
||